Statistiques concernant Yokai Boss

Cliquez ici pour prendre le quiz!

Statistiques générales

  • Ce quiz a été pris 54 fois
  • Le résultat moyen est 32 sur 98

Statistiques - réponses

HintRéponse% Correct
2Crocho
83%
19Gargaros
83%
20Ogralos
80%
28Lady Perpetua
78%
1Triptik
78%
3Carpitaine
73%
18Potofeu
73%
22Grolos
70%
29Lady Demona
70%
8McKraken
70%
21Orqanos
68%
7Dr Jobard
65%
37Filomene
58%
27Marge
58%
23Meganyan
58%
11Hydreux
55%
26Laure
55%
4Ombraptor
55%
12Porcinator
55%
9Volteface
53%
10Didgeai
48%
24Barbefrousse
45%
38Blingos
45%
14Nebulor
45%
5Sabroclair
45%
13Styx VI
45%
39Bogos
43%
78Don Morleone
43%
42Jiganyan
43%
70Agent X
40%
16Hagacuree
40%
6Inamygal
40%
49Extrabuki
38%
15Pr Letripe
38%
25Tourboeillon
38%
30Firmain
35%
43Komak
35%
33Barbebluff
33%
35Maribass
33%
34Mariotte
33%
31Tromploeil
33%
44Domniscian
30%
67Fatracteur
30%
53Robonyan 28
30%
68Supermanager
30%
71Agent Rixe
28%
36Lady Maggie
28%
40Maximain
28%
72Minustrel
28%
45Ambronzio
25%
87Karmagister
25%
51Marmonneur en serie
25%
65Roi Shogun
25%
32Taprice
25%
41Cycloptique
23%
92Don Dorleone
23%
79Don Spiration
23%
69Thibonimenteur
23%
73Yo Kaiju
23%
64Domniscian 2.0
20%
86Orqéophyte
20%
50Tata la Terreur
20%
46Thenuki
20%
88Boucanos
18%
59Capitaine Tonnerre
18%
48Chomino
18%
82Didgéophyte
18%
76Dodorothee
18%
80Magnustrel
18%
54Robonyan 3000
18%
90Sequestrella
18%
81Volteophyte
18%
62Zazel
18%
84Clochemar
15%
89Garegamelle
15%
95Morquis
15%
75No Bot
15%
17Rencornet
15%
94Ténorque
15%
74Yopple Bot
15%
52Creme Chantiwhisp
13%
96Hacharne
13%
97Hypertaupe
13%
56Omai Tourbillonnant
13%
85Rodin
13%
63Zazelmar
13%
66Emperose
10%
57Griffes dorees
10%
77King Keskler
10%
93Mécagolem
10%
55Pattes Rouges
10%
91Shamanaconda
10%
98Ultime Nyanmurai
10%
60Ducanin
8%
61Ducfelin
8%
83Tornadoculaire
8%
58Or Tourbillonnant
5%
47Inifiniris
0%

Distribution des résultats

Percentile par nombre de réponses

% des personnes avec chaque résultat

Votre développement - résultats

Vous n’avez pas pris ce quiz